| 000 | 00897cam a22002777a 4500 | ||
|---|---|---|---|
| 005 | 20220329141255.0 | ||
| 008 | 971010s1989 r 00010 d | ||
| 010 | _a65568 | ||
| 011 | _a66540 | ||
| 035 | _a74841 | ||
| 082 |
_a631.42 _bR6 |
||
| 100 | 0 | 0 |
_aRobson, Alan David. _998143 |
| 245 | 0 | _aSoil acidity and plant growth | |
| 260 |
_aSydney : _bAcademic Press, _c1989 |
||
| 300 | _a306 p. | ||
| 590 |
_aBATCH-UPD _b10 _c20130110 _lUCH01 _h1641 |
||
| 590 |
_aBATCH-UPD _b10 _c20130410 _lUCH01 _h1031 |
||
| 590 |
_aBATCH-UPD _b10 _c20130914 _lUCH01 _h1919 |
||
| 590 |
_aCONVERSION _b10 _c20130109 _lUCH01 _h1336 |
||
| 650 | 1 | 4 |
_aPlantas _xCrecimiento _xAditivos. _988804 |
| 650 | 1 | 4 |
_aSuelos _xAcidez. _9110192 |
| 650 | 1 | 4 |
_aSuelos _xAnĂ¡lisis. _9110204 |
| 650 | 1 | 4 |
_aSuelos _xElementos minerales. _9110356 |
| 901 | _aBK | ||
| 949 |
_a631.42 R6 _bS _cLIBRO _d-7747 _eLIBRO _gI.150566 _h3396 _i74841 _si _t212.36 |
||
| 999 |
_c65568 _d65568 |
||